00436 2200157 4500001002100000005001700021006001900038008004100057020001800098035002500116100001900141245004400160260003200204990002100236990002100257INLIS00000000001014820150224085337.0a ||| | 170609| ||| |  a979-9410-05-3 a0010-0215000000005500 aAgus Kurniawan00aRencana mulia perjanjian di tepi sungai a-bPilar Bambu Kuningc2001 a1766/b/kpad/2010 a1767/b/kpad/2010